| 000 | 00615nam a2200157 i 4500 | ||
|---|---|---|---|
| 001 | 71725 | ||
| 003 | ES-MaACL | ||
| 005 | 20230906171218.0 | ||
| 007 | t| | ||
| 008 | 040817s1951 sp ||||1| spa d | ||
| 245 | 0 | 0 |
_aGestión económico-administrativa local _b: conforme a la Ley de Régimen Local, de 16 de diciembre de 1950 : haciendas locales : sentido local y nacional de los Ayuntamientos / _cAntonio Basanta Santa-Cruz...[et al.]. |
| 260 |
_aCuenca : _b[s.n., _c1951] ( _fImp. Moderna) |
||
| 300 |
_a131 p. ; _c22 cm. |
||
| 700 | 1 |
_aBasanta Santa-Cruz, Antonio. _926248 |
|
| 852 |
_aES-MaACL _jD-5353 _bR.31384 |
||
| 999 |
_c71725 _d71725 |
||